| 000 | 02042nam0a2200397 4500 | ||
|---|---|---|---|
| 001 | RU\NLR\bibl\1495126 | ||
| 005 | 20250616014148.0 | ||
| 010 |
_a978-5-98227-710-7 _93000 |
||
| 021 |
_aRU _b2011-16842 _91188 |
||
| 035 | _a(nilc)LIBNET\0000007433 | ||
| 035 | _aRSL-KNO-002582981 | ||
| 035 | _a(NLR Aleph) 001486637 | ||
| 090 |
_a1737291 _c1737291 |
||
| 100 | _a20100209d2010 |||y0rusy50 ca | ||
| 101 | 1 |
_arus _ceng |
|
| 102 | _aRU | ||
| 105 | _aa ||||||||| | ||
| 200 | 1 |
_aМоральные основания политики _e[учебное пособие] _fИэн Шапиро _g[пер. с англ.: Е.В. Малахова, И.В. Борисова] _gНац. фонд подгот. кадров, Моск. шк. социал. и экон. наук |
|
| 210 |
_aМосква _cКнижный дом Университет _d2010 |
||
| 215 |
_a296, [1] с. _cил. _d21 |
||
| 225 | 1 |
_aПолитический разум и практика политики _dRatio politicus et facinoris civiles _fотв. ред. Б.Г. Капустин _zlat |
|
| 300 | _aЗагл. и авт. ориг.: The Moral Foundations of Politics / Ian Shapiro | ||
| 300 | _aНа 4-й с. обл. авт.: Й. Шапиро, проф. Йельского ун-та | ||
| 320 | _aБиблиогр. в подстроч. примеч. | ||
| 454 | 0 |
_12001#$aThe Moral Foundations of Politics$fIan Shapiro _1700#1$aShapiro$bI.$gIan$4070 _tThe Moral Foundations of Politics _aShapiro, Ian |
|
| 606 | 1 |
_aПолитика _jУчебные издания _xТеория _92139625 _3RU\NLR\auth\661289760 |
|
| 606 | 1 |
_aПолитическая этика _jУчебные издания _xИстория _92368606 _3RU\NLR\auth\661413900 |
|
| 686 |
_a66.01я7 _vLBC/M _2rubbk |
||
| 686 | _aФ.в.я7 | ||
| 686 | _aЮ701.521я7 | ||
| 700 | 1 |
_aШапиро _bИ. _gИэн _4070 |
|
| 801 | 0 |
_aRU _bВладимирская ОУНБ _c20100209 _grcr |
|
| 801 | 1 |
_aRU _bВладимирская ОУНБ _c20100209 |
|
| 801 | 2 |
_aRU _bNLR _c20100302 _grcr |
|
| 942 | _cBOOK | ||
| 980 | _aNB | ||